Online
Catalog

Un día de la vida de Iván Denísovich / (Record no. 21414)

MARC details
000 -CABECERA
campo de control de longitud fija 00819nam a2200229 a 4500
001 - NÚMERO DE CONTROL
campo de control 000021916
005 - FECHA Y HORA DE LA ÚLTIMA TRANSACCIÓN
campo de control 20200930011513.0
008 - DATOS DE LONGITUD FIJA--INFORMACIÓN GENERAL
campo de control de longitud fija 100914s1975 sp r 000 f spa d
040 ## - FUENTE DE LA CATALOGACIÓN
Centro catalogador/agencia de origen DO-SdBNP
Lengua de catalogación spa
Centro/agencia transcriptor BNPHU
082 ## - NÚMERO DE LA CLASIFICACIÓN DECIMAL DEWEY
Número de clasificación 891.744
Número de documento/Ítem S687d
049 ## - FONDOS LOCALES (OCLC)
Fondos de biblioteca BNGR
100 1# - ENTRADA PRINCIPAL--NOMBRE DE PERSONA
Nombre de persona Soljenitsin, Alexandr,
Fechas asociadas al nombre 1918-2008.
9 (RLIN) 45481
240 10 - TÍTULO UNIFORME
Título uniforme Odin dien Ivana Denisovicha.
Lenguaje de la obra Español.
245 10 - MENCIÓN DE TÍTULO
Título Un día de la vida de Iván Denísovich /
Mención de responsabilidad, etc. Alexandr Soljenitsin ; traducción del francés de J. Ferrer Aleu.
260 ## - PUBLICACIÓN, DISTRIBUCIÓN, ETC.
Lugar de publicación, distribución, etc. Barcelona :
Nombre del editor, distribuidor, etc. Plaza y Janes,
Fecha de publicación, distribución, etc. 1975.
300 ## - DESCRIPCIÓN FÍSICA
Extensión 155 p. ;
Dimensiones 19 cm.
534 ## - NOTA SOBRE LA VERSIÓN ORIGINAL
Encabezamiento principal del original Odin dien Ivana Denisovicha
Mención de título del original Título original en ruso
590 ## - NOTA LOCAL (RLIN)
Nota local Premio Novel de Literatura, 1970.
650 #4 - PUNTO DE ACCESO ADICIONAL DE MATERIA--TÉRMINO DE MATERIA
Término de materia o nombre geográfico como elemento de entrada Novela rusa
9 (RLIN) 4742
650 #4 - PUNTO DE ACCESO ADICIONAL DE MATERIA--TÉRMINO DE MATERIA
Término de materia o nombre geográfico como elemento de entrada Literatura rusa
Subdivisión cronológica SIGLO XX
9 (RLIN) 41289
700 1# - PUNTO DE ACCESO ADICIONAL--NOMBRE DE PERSONA
Nombre de persona Aleu, J. Ferrer
Término indicativo de función/relación tr.
9 (RLIN) 13392
Holdings
Estado de retiro Estado de pérdida Restricciones de uso No para préstamo Código de colección Localización permanente Ubicación/localización actual Ubicación en estantería Fecha de adquisición Número de inventario Total de préstamos Signatura topográfica completa Código de barras Fecha visto por última vez Precio válido a partir de Tipo de ítem Koha
        Monografías: Libros y Folletos General General En catalogación 14.09.2010 LF1   891.744 S687d 21916-10 25.06.2020 25.06.2020 Préstamo en sala

Powered by Koha